| 000 -LEADER |
| fixed length control field |
01069nam a22001937a 4500 |
| 005 - DATE AND TIME OF LATEST TRANSACTION |
| control field |
20241028160539.0 |
| 008 - FIXED-LENGTH DATA ELEMENTS--GENERAL INFORMATION |
| fixed length control field |
240602b ||||| |||| 00| 0 eng d |
| 040 ## - CATALOGING SOURCE |
| Transcribing agency |
SSBUL |
| 041 ## - LANGUAGE CODE |
| Language code of text/sound track or separate title |
Myanmar |
| 082 ## - DEWEY DECIMAL CLASSIFICATION NUMBER |
| Edition number |
23 |
| Classification number |
၂၉၄.၃၄၄၃ ဇေ |
| Item number |
၁၂၂၇၈ S-UOK |
| 100 0# - MAIN ENTRY--PERSONAL NAME |
| Personal name |
ဇေယျပဏ္ဍိတ၊ အရှင်၊ ပိုင်းလော့ဆရာတော် |
| 9 (RLIN) |
19371 |
| 245 10 - TITLE STATEMENT |
| Title |
ကျေးဇူးပြစ်မှားဒဏ်ဆယ်ပါးနှင့် ခင်ပွန်းကြီးဆယ်ပါးကန်တော့ခန်း / |
| Statement of responsibility, etc. |
ပိုင်းလော့ဆရာတော်အရှင်ဇေယျပဏ္ဍိတ။ |
| 260 ## - PUBLICATION, DISTRIBUTION, ETC. |
| Place of publication, distribution, etc. |
[နေရာ]၊ |
| Name of publisher, distributor, etc. |
[ထုတ်ဝေသူမပါ]၊ |
| Date of publication, distribution, etc. |
၂၀၀၃။ |
| 300 ## - PHYSICAL DESCRIPTION |
| Extent |
၇၈ စာမျက်နှာ ၊ |
| Dimensions |
၂၁ စင်တီ။ |
| 500 ## - GENERAL NOTE |
| General note |
S-UOK: U Ohn Kyaw <br/>S-SAT: Dr. Sai Aung Tun |
| 650 ## - SUBJECT ADDED ENTRY--TOPICAL TERM |
| Topical term or geographic name entry element |
ဗုဒ္ဓတရားတော် |
|
| Topical term or geographic name entry element |
ဗုဒ္ဓဘာသာ |
| General subdivision |
အဆုံးအမ |
| 9 (RLIN) |
13508 |
| 942 ## - ADDED ENTRY ELEMENTS (KOHA) |
| Source of classification or shelving scheme |
|
| Koha item type |
Book (Short term) |